header

The tales of Beedle the Bard (Record no. 263624)

MARC details
000 -LEADER
fixed length control field 00245nam a22000977a 4500
020 ## - INTERNATIONAL STANDARD BOOK NUMBER
ISBN 9780545128285
100 ## - MAIN ENTRY--AUTHOR NAME
Personal name J.K. Rowling.
245 ## - TITLE STATEMENT
Title The tales of Beedle the Bard
260 ## - PUBLICATION, DISTRIBUTION, ETC. (IMPRINT)
Place of publication London :
Name of publisher Children's High Level Group
Year of publication 2008.
942 ## - ADDED ENTRY ELEMENTS (KOHA)
Koha item type Long Loan Books
Holdings
Withdrawn status Lost status Collection code Home library Current library Shelving location Date acquired Accession Number Koha item type
    Fiction Rongo University Library Rongo University Library Children's Area 13/05/2024 CL20211000 Long Loan Books

© 2026 Rongo University
Contact us: librarian | system librarian | Rongo university